<?xml version="1.0" encoding="UTF-8"?>
<record
    xmlns:xsi="http://www.w3.org/2001/XMLSchema-instance"
    xsi:schemaLocation="http://www.loc.gov/MARC21/slim http://www.loc.gov/standards/marcxml/schema/MARC21slim.xsd"
    xmlns="http://www.loc.gov/MARC21/slim">

  <leader>00392nam a22001457a 4500</leader>
  <datafield tag="999" ind1=" " ind2=" ">
    <subfield code="c">17731</subfield>
    <subfield code="d">17731</subfield>
  </datafield>
  <controlfield tag="008">190612b        xxu||||| |||| 00| 0 eng d</controlfield>
  <datafield tag="020" ind1=" " ind2=" ">
    <subfield code="a">0199205523</subfield>
  </datafield>
  <datafield tag="050" ind1=" " ind2=" ">
    <subfield code="a">JC571</subfield>
    <subfield code="b">.C53 2007 c.1</subfield>
  </datafield>
  <datafield tag="100" ind1=" " ind2=" ">
    <subfield code="a">Clapham, Andrew </subfield>
  </datafield>
  <datafield tag="245" ind1=" " ind2=" ">
    <subfield code="a">Human Rights </subfield>
    <subfield code="b">a very short introduction </subfield>
    <subfield code="c">Andrew Clapham </subfield>
  </datafield>
  <datafield tag="260" ind1=" " ind2=" ">
    <subfield code="a">New York</subfield>
    <subfield code="b">OUP</subfield>
    <subfield code="c">2007</subfield>
  </datafield>
  <datafield tag="300" ind1=" " ind2=" ">
    <subfield code="a">193p.</subfield>
  </datafield>
  <datafield tag="650" ind1=" " ind2=" ">
    <subfield code="a">Human rights </subfield>
  </datafield>
  <datafield tag="942" ind1=" " ind2=" ">
    <subfield code="2">lcc</subfield>
    <subfield code="c">BK</subfield>
  </datafield>
  <datafield tag="952" ind1=" " ind2=" ">
    <subfield code="0">0</subfield>
    <subfield code="1">0</subfield>
    <subfield code="2">lcc</subfield>
    <subfield code="7">0</subfield>
    <subfield code="a">KABU</subfield>
    <subfield code="b">KABU</subfield>
    <subfield code="d">2019-06-12</subfield>
    <subfield code="g">900.00</subfield>
    <subfield code="l">6</subfield>
    <subfield code="m">1</subfield>
    <subfield code="o">JC571 .C53 2007 c.1</subfield>
    <subfield code="p">022265</subfield>
    <subfield code="r">2023-12-11 13:56:50</subfield>
    <subfield code="s">2023-12-08</subfield>
    <subfield code="w">2019-06-12</subfield>
    <subfield code="y">BK</subfield>
  </datafield>
  <datafield tag="952" ind1=" " ind2=" ">
    <subfield code="0">0</subfield>
    <subfield code="1">0</subfield>
    <subfield code="2">lcc</subfield>
    <subfield code="7">0</subfield>
    <subfield code="a">KABU</subfield>
    <subfield code="b">KABU</subfield>
    <subfield code="d">2019-06-12</subfield>
    <subfield code="g">900.00</subfield>
    <subfield code="l">6</subfield>
    <subfield code="o">JC571 .C53 2007 c.2</subfield>
    <subfield code="p">022266</subfield>
    <subfield code="r">2026-03-02 17:01:35</subfield>
    <subfield code="s">2026-01-26</subfield>
    <subfield code="w">2019-06-12</subfield>
    <subfield code="y">BK</subfield>
  </datafield>
  <datafield tag="952" ind1=" " ind2=" ">
    <subfield code="0">0</subfield>
    <subfield code="1">0</subfield>
    <subfield code="2">lcc</subfield>
    <subfield code="7">0</subfield>
    <subfield code="a">KABU</subfield>
    <subfield code="b">KABU</subfield>
    <subfield code="d">2019-06-12</subfield>
    <subfield code="g">900.00</subfield>
    <subfield code="l">5</subfield>
    <subfield code="o">JC571 .C53 2007 c.3</subfield>
    <subfield code="p">022267</subfield>
    <subfield code="r">2024-09-25 18:18:23</subfield>
    <subfield code="s">2024-09-23</subfield>
    <subfield code="w">2019-06-12</subfield>
    <subfield code="y">BK</subfield>
  </datafield>
  <datafield tag="952" ind1=" " ind2=" ">
    <subfield code="0">0</subfield>
    <subfield code="1">0</subfield>
    <subfield code="2">lcc</subfield>
    <subfield code="7">0</subfield>
    <subfield code="a">KABU</subfield>
    <subfield code="b">KABU</subfield>
    <subfield code="d">2019-06-12</subfield>
    <subfield code="g">900.00</subfield>
    <subfield code="l">9</subfield>
    <subfield code="m">2</subfield>
    <subfield code="o">JC571 .C53 2007 c.4</subfield>
    <subfield code="p">022274</subfield>
    <subfield code="q">2024-11-14</subfield>
    <subfield code="r">2024-10-14 15:11:00</subfield>
    <subfield code="s">2024-10-14</subfield>
    <subfield code="w">2019-06-12</subfield>
    <subfield code="y">BK</subfield>
  </datafield>
  <datafield tag="952" ind1=" " ind2=" ">
    <subfield code="0">0</subfield>
    <subfield code="1">0</subfield>
    <subfield code="2">lcc</subfield>
    <subfield code="7">0</subfield>
    <subfield code="a">KABU</subfield>
    <subfield code="b">KABU</subfield>
    <subfield code="d">2019-06-12</subfield>
    <subfield code="g">900.00</subfield>
    <subfield code="l">6</subfield>
    <subfield code="m">1</subfield>
    <subfield code="o">JC571 .C53 2007 c.5</subfield>
    <subfield code="p">022277</subfield>
    <subfield code="r">2024-10-28 10:26:15</subfield>
    <subfield code="s">2024-09-23</subfield>
    <subfield code="w">2019-06-12</subfield>
    <subfield code="y">BK</subfield>
  </datafield>
</record>
